English Villages — Real or Fake? - Statistics

General Stats
  • This quiz has been taken 2,004 times
    2,003 since last reset
  • The average score is 18 of 30
Answer Stats
Hint Answer % Correct
Cheddar Real
97%
Lower Slaughter Real
89%
Robin Hood's Bay Real
86%
Mousehole Real
85%
Boot Real
81%
Westward Ho! Real
80%
Tolpuddle Real
79%
Walsham-le-Willows Real
79%
Ugley Real
78%
Gotham Real
77%
Beer Real
76%
Steeple Bumpstead Real
69%
Stoat-on-the-Wonk Fake
69%
Pucklechurch Real
68%
Port Chazzock Fake
62%
Shelf Real
60%
Oddsock St Anthony Fake
56%
Chew Magna Real
55%
Fangfoss Real
55%
Woolfardisworthy Real
55%
Netherthong Real
53%
Bunny Real
49%
Manky Fake
48%
Wallopston Codbury Fake
43%
Itchywood Fake
38%
Pricklebush Fake
38%
Spoon Fake
38%
Queen Camel Real
37%
Spittlemouth Fake
18%
Little Sodding Fake
16%
No matching quizzes found
Score Distribution
Percent of People with Each Score
Percentile by Number Answered
Your Score History
You have not taken this quiz since the last reset